Normal view
MARC view
Entry Personal Name
001 - CONTROL NUMBER
- control field: 1564
003 - CONTROL NUMBER IDENTIFIER
- control field: BD-RjUL
005 - DATE AND TIME OF LATEST TRANSACTION
- control field: 20220223102254.0
008 - FIXED-LENGTH DATA ELEMENTS
- fixed length control field: 220223|| aca||aabn | a|a d
040 ## - CATALOGING SOURCE
- Original cataloging agency: BD-RjUL
- Transcribing agency: BD-RjUL
100 ## - HEADING--PERSONAL NAME
- Personal name: ابن خلدون، ;; Ibn Khaldun
- Dates associated with a name: 1332-1406
670 ## - SOURCE DATA FOUND
- Source citation: Work cat.: (BD-RjUL)79449: ابن خلدون، ;; Ibn Khaldun 1332-1406, شفاء السائل لتهذيب المسائل / ;; shifa' alsaayil litahdhib almasayil /, 1957.